| 000 | 01313nmm a2200337 a 4500 | ||
|---|---|---|---|
| 001 | ocm0002015347 | ||
| 003 | TR-IsHL | ||
| 005 | 20201028175302.0 | ||
| 008 | 181019s2014 tu tur | ||
| 007 | cr cn | ||
| 020 | _a9786054921478 (paperback) | ||
| 035 |
_a2015347 _b(N$T) |
||
| 050 | 0 | 4 |
_aDK34.T37 _bK87 2014 |
| 090 | 0 | 4 |
_aDK34.T37 _bK87 2014 |
| 100 | 1 | _aKurban, İklil | |
| 245 | 1 | 0 |
_aYaşlı tarihin yankısı : _b (Bulgar-Tatar tarihi ve medeniyeti) _h[electronic resource] / _cİklil Kurban ; Genel Ya yın Yö net me ni Ahmet Nuri Yüksel; Yayına Hazırlayan Osman Sevim |
| 250 | _aGenişletilmiş 2. basım : Kasım 2014 | ||
| 260 |
_aİstanbul : _bBilge Kültür Sanat Yayınları, _c2014 |
||
| 300 | _a225 p. | ||
| 500 | _aKaynakça (sayfa 207-210) ve dizin var. | ||
| 650 | 4 | _aTarih | |
| 650 | 4 | _aHistory | |
| 650 | 0 |
_aTatars _x Russia (Federation) _x History |
|
| 650 | 0 |
_aTatars _x Soviet Union _x History |
|
| 650 | 0 |
_aTurkic peoples _x Russia (Federation) _x History |
|
| 650 | 0 |
_aTurkic peoples _x Soviet Union _x History |
|
| 650 | 7 |
_aHISTORY / Russia & the Former Soviet Union _2bisacsh |
|
| 700 | 1 | _aYüksel, Ahmet Nuri | |
| 700 | 1 | _aSevim, Osman | |
| 856 | 4 | 0 | _uhttp://search.ebscohost.com/login.aspx?direct=true&scope=site&db=e011xww&AN=2015347 |
| 999 |
_c18595 _d18595 |
||